000 00467nam a2200181Ia 4500
001 1529
005 20260306143735.0
008 260306t1962||||xx |||||||||||||| ||spa||
041 _aESP
082 _a150.885
_bD52
100 _aDelgado, Honorio F. [1892-1969]
_eAUT
245 0 _aContribuciones a la Psicología y a la Psicopatología
260 _c1962
300 _a351 páginas :
_c23 x 15 cm.
650 _aGEN
654 _aCPS
942 _cLIB
_dJUS
_fJUS
_2ddc
_n
999 _c1529
_d1529